|
|
|
|
| LEADER |
00000nab a2200000 a 4500 |
| 001 |
vtls009949902 |
| 003 |
SK-MaSNL |
| 005 |
20260303050105.0 |
| 008 |
090912s1968 xo a gr 000 m rus |
| 040 |
|
|
|a SAVUK
|b slo
|c SNK
|e AACR2
|
| 041 |
1 |
|
|a rus
|
| 044 |
|
|
|a xo
|c SK
|
| 080 |
|
|
|a 808.2-4
|2 1981
|
| 245 |
0 |
0 |
|a Fonetika sovremennogo russkogo literaturnogo jazyka. Narodnyje govory
|c pod redakcijej M. V. Panova
|
| 260 |
|
|
|a Moskva
|b Nauka
|c 1968
|
| 300 |
|
|
|a 210 s.
|b tab.
|
| 490 |
1 |
|
|a Russkij jazyk v sovetskom obščestve
|
| 700 |
1 |
|
|a Panov, Michail Viktorovič
|4 edt
|9 1037732
|
| 774 |
0 |
|
|t Russkij jazyk v sovetskom obščestve
|
| 830 |
|
0 |
|a Russkij jazyk v sovetskom obščestve
|9 1037733
|
| 910 |
|
|
|a savuk
|
| 999 |
|
|
|c 1706113
|d 1708043
|